header

Animal Dreams (Record no. 254931)

MARC details
000 -LEADER
fixed length control field 00357nam a22001457a 4500
003 - CONTROL NUMBER IDENTIFIER
control field OSt
005 - DATE AND TIME OF LATEST TRANSACTION
control field 20160804104529.0
008 - FIXED-LENGTH DATA ELEMENTS--GENERAL INFORMATION
fixed length control field 160804b xxu||||| |||| 00| 0 eng d
020 ## - INTERNATIONAL STANDARD BOOK NUMBER
International Standard Book Number 0060921145
040 ## - CATALOGING SOURCE
Transcribing agency N/A
100 ## - MAIN ENTRY--PERSONAL NAME
Personal name Barrara Kingsolver
245 ## - TITLE STATEMENT
Title Animal Dreams
Remainder of title Anovel
260 ## - PUBLICATION, DISTRIBUTION, ETC. (IMPRINT)
Place of publication, distribution, etc NewYork
Name of publisher, distributor, etc Harper Collins publishers
Date of publication, distribution, etc 1990
942 ## - ADDED ENTRY ELEMENTS (KOHA)
Source of classification or shelving scheme Library of Congress Classification
Koha item type Long Loan Books
Holdings
Withdrawn status Lost status Source of classification or shelving scheme Damaged status Not for loan Collection code Home library Current library Shelving location Date acquired Total Checkouts Full call number Barcode Date last seen Date checked out Price effective from Koha item type
    Library of Congress Classification     Fiction Rongo University Library Rongo University Library General Stacks 04/08/2016 1 PS3561.1496 A86 1990 201615238 20/06/2017 24/05/2017 04/08/2016 Long Loan Books

© 2026 Rongo University
Contact us: librarian | system librarian | Rongo university